000 00448nam a2200169Ia 4500
008 230524s9999 xx 000 0 und d
082 _a612
_bJOS
100 _aVijaya D.Joshi
_923865
245 0 _aPhysiology (Prep Manual for Undergraduates)
250 _a3RD
260 _aNEW DELHI
_bElsevier
_c2005
300 _aVI;655
500 _aQuantity Number: 1
650 _aBiomedical
700 _a Sadhana Joshi-Mendhurwar
_923866
942 _cBK
999 _c35334
_d35334